| 000 | 01274nam a2200229Ia 4500 | ||
|---|---|---|---|
| 001 | L200-54030 | ||
| 003 | IT-CnALBA | ||
| 008 | 170116s9999||||xx |||||||||||||| ||und|| | ||
| 040 |
_aIT-CnALBA _cIT-CnALBA |
||
| 041 | _aITALIANO | ||
| 100 | _aBROVELLI FRANCO | ||
| 245 | 0 | _aL'APOSTOLO E LA SUA COMUNITÀ. UN DIALOGO CON LA PRIMA LETTERA DI PAOLO AI CRISTIANI DI CORINTO. | |
| 250 | _a1a ed. | ||
| 260 |
_a MILANO BOLOGNA _bANCORA EDITRICE _c1995 [1° Ed.:1995 - Ed.Ling.Originale: 1995] |
||
| 300 | _a176 p. | ||
| 500 | _aINTRODUZIONE. STORIA DELL'APOSTOLO E LA COMUNITÀ NASCENTE. I CARATTERI DELLA EVANGELIZZAZIONE AUTENTICA. PAOLO E LA SUA PROSPETTIVA DIFFERENTE, MARANGON A. BIANCHI E. ALLA LUCE DELLE QUESTIONI CONCRETE. E LE DINAMICHE DELLA COMUNITÀ, MAGGIONI BR. ELOGIO D | ||
| 501 | _aSocietà San Paolo EM - Piazza San Paolo, 14 - 12051 ALBA (CN) (non commercial uses only) ® Copyright 2017 | ||
| 520 | _aINTRODUZIONE. STORIA DELL'APOSTOLO E LA COMUNITÀ NASCENTE. I CARATTERI DELLA EVANGELIZZAZIONE AUTENTICA. PAOLO E LA SUA PROSPETTIVA DIFFERENTE, MARANGON A. BIANCHI E. ALLA LUCE DELLE QUESTIONI CONCRETE. E LE DINAMICHE DELLA COMUNITÀ, MAGGIONI BR. ELOGIO D | ||
| 650 | _aRELIGIONE - RELIGIONE CRISTIANA | ||
| 942 | _cBK | ||
| 957 | _71 | ||
| 999 |
_a71520 _bNO _g Copie: 1 _c312904 _d312904 |
||